[Event "Open A"]
[Site "Polanica-Zdroj"]
[Date "2017.08.24"]
[Round "6.3"]
[White "Goluch, Piotr"]
[Black "Psyk, Radoslaw"]
[Result "0-1"]
[BlackElo "2132"]
[WhiteElo "2360"]
[LiveChessVersion "1.4.8"]

1. d4 {[%clk 1:30:58]} Nf6 {[%clk 1:30:17]} 2. c4 {[%clk 1:31:22]} e6
{[%clk 1:30:39]} 3. g3 {[%clk 1:31:47]} d5 {[%clk 1:28:58]} 4. Nf3
{[%clk 1:32:11]} dxc4 {[%clk 1:29:18]} 5. Bg2 {[%clk 1:32:38]} a6
{[%clk 1:24:46]} 6. O-O {[%clk 1:33:03]} c5 {[%clk 1:21:48]} 7. Nc3
{[%clk 1:31:41]} Nbd7 {[%clk 1:20:00]} 8. Qa4 {[%clk 1:29:46]} cxd4
{[%clk 1:15:09]} 9. Nxd4 {[%clk 1:29:07]} Bc5 {[%clk 1:11:12]} 10. Rd1
{[%clk 1:26:55]} O-O {[%clk 1:07:58]} 11. Qxc4 {[%clk 1:24:50]} Qe7
{[%clk 0:49:58]} 12. Na4 {[%clk 0:59:11]} Ba7 {[%clk 0:44:10]} 13. Be3
{[%clk 0:38:26]} Ne5 {[%clk 0:35:58]} 14. Qb3 {[%clk 0:38:50]} Nd5
{[%clk 0:31:27]} 15. Nf5 {[%clk 0:32:13]} exf5 {[%clk 0:28:48]} 16. Rxd5
{[%clk 0:27:33]} Ng4 {[%clk 0:21:30]} 17. Bxa7 {[%clk 0:27:52]} Rxa7
{[%clk 0:21:57]} 18. Qb6 {[%clk 0:28:02]} Ra8 {[%clk 0:22:19]} 19. Rd2
{[%clk 0:25:14]} Rb8 {[%clk 0:17:02]} 20. Nc5 {[%clk 0:21:51]} Ne3
{[%clk 0:17:07]} 21. Rc1 {[%clk 0:17:22]} Nxg2 {[%clk 0:15:11]} 22. Kxg2
{[%clk 0:17:45]} f4 {[%clk 0:15:22]} 23. gxf4 {[%clk 0:17:29]} Qh4
{[%clk 0:15:09]} 24. Nd3 {[%clk 0:14:43]} Re8 {[%clk 0:10:42]} 25. f3
{[%clk 0:13:26]} Bf5 {[%clk 0:08:56]} 26. Qf2 {[%clk 0:10:11]} Qh6
{[%clk 0:09:25]} 27. e4 {[%clk 0:09:57]} Be6 {[%clk 0:07:53]} 28. b3
{[%clk 0:09:50]} Rbd8 {[%clk 0:07:45]} 29. Qg3 {[%clk 0:09:15]} Rd6
{[%clk 0:07:12]} 30. Rcd1 {[%clk 0:08:17]} Bxb3 {[%clk 0:06:02]} 31. Ne5
{[%clk 0:08:20]} Bxd1 {[%clk 0:06:08]} 32. Rf2 {[%clk 0:07:51]} Rxe5
{[%clk 0:06:13]} 0-1

[Event "Open A"]
[Site "Polanica-Zdroj"]
[Date "2017.08.24"]
[Round "6.4"]
[White "Bilczewski, Kacper"]
[Black "Lapaj, Mateusz"]
[Result "1-0"]
[BlackElo "2093"]
[WhiteElo "2191"]
[LiveChessVersion "1.4.8"]

1. e4 {[%clk 1:30:59]} c5 {[%clk 1:30:55]} 2. c3 {[%clk 1:31:14]} e6
{[%clk 1:31:19]} 3. d4 {[%clk 1:31:33]} d5 {[%clk 1:31:47]} 4. exd5
{[%clk 1:31:45]} Qxd5 {[%clk 1:32:07]} 5. Nf3 {[%clk 1:32:00]} Nc6
{[%clk 1:32:20]} 6. Be2 {[%clk 1:32:26]} Nf6 {[%clk 1:32:46]} 7. O-O
{[%clk 1:32:50]} Be7 {[%clk 1:33:07]} 8. c4 {[%clk 1:33:14]} Qd8 {[%clk 1:31:08]}
9. dxc5 {[%clk 1:33:39]} Qxd1 {[%clk 1:30:56]} 10. Rxd1 {[%clk 1:34:05]} Bxc5
{[%clk 1:30:15]} 11. Nc3 {[%clk 1:34:32]} a6 {[%clk 1:29:16]} 12. a3
{[%clk 1:33:53]} O-O {[%clk 1:27:29]} 13. b4 {[%clk 1:32:11]} Bb6
{[%clk 1:22:16]} 14. Bf4 {[%clk 1:29:53]} Re8 {[%clk 1:11:44]} 15. c5
{[%clk 1:11:24]} Ba7 {[%clk 1:11:10]} 16. Be5 {[%clk 1:10:15]} Nxe5
{[%clk 0:49:31]} 17. Nxe5 {[%clk 1:10:39]} Bb8 {[%clk 0:49:37]} 18. Nc4
{[%clk 1:10:08]} Bc7 {[%clk 0:50:03]} 19. Bf3 {[%clk 1:10:05]} e5
{[%clk 0:47:31]} 20. Nd6 {[%clk 1:09:11]} Bxd6 {[%clk 0:47:49]} 21. Rxd6
{[%clk 1:09:23]} h6 {[%clk 0:40:37]} 22. Nd5 {[%clk 1:08:07]} Nxd5
{[%clk 0:38:25]} 23. Bxd5 {[%clk 1:08:33]} Rb8 {[%clk 0:37:25]} 24. Rd1
{[%clk 1:08:20]} Kf8 {[%clk 0:28:43]} 25. f3 {[%clk 1:05:01]} Be6
{[%clk 0:25:49]} 26. Bxe6 {[%clk 1:05:16]} fxe6 {[%clk 0:26:04]} 27. Kf2
{[%clk 1:05:33]} Kf7 {[%clk 0:25:47]} 28. Ke3 {[%clk 1:05:56]} Kf6
{[%clk 0:22:55]} 29. Ke4 {[%clk 1:06:21]} a5 {[%clk 0:16:22]} 30. Rb6
{[%clk 1:03:58]} axb4 {[%clk 0:16:36]} 31. axb4 {[%clk 1:04:19]} Re7
{[%clk 0:15:30]} 32. c6 {[%clk 1:03:18]} Rc8 {[%clk 0:15:54]} 33. cxb7
{[%clk 1:03:00]} Rb8 {[%clk 0:16:23]} 34. b5 {[%clk 1:02:50]} Rexb7
{[%clk 0:13:49]} 35. Rxb7 {[%clk 1:03:15]} Rxb7 {[%clk 0:14:13]} 36. Rb1
{[%clk 1:03:42]} Rb6 {[%clk 0:14:40]} 37. Rb2 {[%clk 1:04:02]} Ke7
{[%clk 0:14:27]} 38. Kxe5 {[%clk 1:04:22]} Kd7 {[%clk 0:14:54]} 39. h3
{[%clk 1:03:03]} Rd6 {[%clk 0:14:05]} 40. b6 {[%clk 1:31:50]} Rd5+
{[%clk 0:41:01]} 41. Ke4 {[%clk 1:32:15]} Kc8 {[%clk 0:41:29]} 42. b7+
{[%clk 1:32:16]} Kb8 {[%clk 0:41:58]} 43. g3 {[%clk 1:31:23]} Rd1
{[%clk 0:38:48]} 44. Kf4 {[%clk 1:30:25]} Rd4+ {[%clk 0:38:10]} 45. Ke3
{[%clk 1:30:06]} Rd7 {[%clk 0:37:50]} 46. Ke4 {[%clk 1:30:07]} Rd1
{[%clk 0:38:18]} 47. Rb3 {[%clk 1:30:14]} Re1+ {[%clk 0:19:21]} 48. Kf4
{[%clk 1:30:06]} Rd1 {[%clk 0:17:21]} 49. h4 {[%clk 1:29:18]} Rd2
{[%clk 0:10:07]} 50. Kg4 {[%clk 1:27:12]} Rd5 {[%clk 0:10:09]} 51. f4
{[%clk 1:19:33]} h5+ {[%clk 0:07:53]} 52. Kf3 {[%clk 1:19:49]} Rc5
{[%clk 0:07:19]} 53. Ke4 {[%clk 1:19:52]} Ra5 {[%clk 0:07:16]} 54. Kf3
{[%clk 1:13:40]} Rc5 {[%clk 0:06:53]} 55. g4 {[%clk 1:13:39]} hxg4+ 56. Kxg4
{[%clk 1:14:04]} Rc1 {[%clk 0:04:54]} 57. Rb6 {[%clk 1:12:42]} Rg1+
{[%clk 0:04:13]} 58. Kh5 {[%clk 1:12:55]} Re1 {[%clk 0:02:54]} 59. Kg6
{[%clk 1:13:14]} Rg1+ {[%clk 0:03:21]} 60. Kh5 {[%clk 1:11:20]} Re1
{[%clk 0:03:50]} 61. Rb5 {[%clk 1:11:37]} Rf1 {[%clk 0:03:12]} 62. Kg4
{[%clk 1:07:14]} Rg1+ {[%clk 0:03:38]} 63. Kf3 {[%clk 1:06:46]} Rh1
{[%clk 0:02:31]} 64. h5 {[%clk 1:03:00]} Rh4 {[%clk 0:02:36]} 65. Ke4
{[%clk 1:00:55]} Rh1 {[%clk 0:02:37]} 66. Rg5 {[%clk 0:59:14]} Kxb7
{[%clk 0:03:05]} 67. Rxg7+ {[%clk 0:59:39]} Kc6 {[%clk 0:03:30]} 68. Ke5
{[%clk 0:59:43]} Rxh5+ {[%clk 0:03:50]} 69. Kxe6 {[%clk 1:00:03]} Rh1
{[%clk 0:01:31]} 70. Re7 {[%clk 0:59:57]} Rh6+ {[%clk 0:01:23]} 71. Ke5
{[%clk 1:00:11]} Rh1 {[%clk 0:01:14]} 72. f5 {[%clk 1:00:19]} Rf1
{[%clk 0:01:08]} 73. Kf6 {[%clk 1:00:22]} Rf2 {[%clk 0:00:35]} 74. Re1
{[%clk 1:00:47]} Kd7 {[%clk 0:00:53]} 75. Kg6 {[%clk 1:01:07]} Rg2+
{[%clk 0:00:33]} 76. Kf7 {[%clk 1:01:33]} Rf2 {[%clk 0:00:33]} 77. Rd1+
{[%clk 1:01:53]} Kc7 {[%clk 0:00:56]} 78. f6 {[%clk 1:02:15]} 1-0

[Event "Open A"]
[Site "Polanica-Zdroj"]
[Date "2017.08.24"]
[Round "6.5"]
[White "Korbal, Arkadiusz"]
[Black "Voloshin, Leonid"]
[Result "1-0"]
[BlackElo "2369"]
[WhiteElo "2159"]
[LiveChessVersion "1.4.8"]

1. d4 {[%clk 1:30:56]} d6 {[%clk 1:30:52]} 2. Nf3 {[%clk 1:28:48]} Bg4
{[%clk 1:31:12]} 3. e4 {[%clk 1:27:03]} Nd7 {[%clk 1:30:44]} 4. Be2
{[%clk 1:26:52]} e5 {[%clk 1:23:47]} 5. O-O {[%clk 1:26:12]} Ngf6
{[%clk 1:23:09]} 6. Nc3 {[%clk 1:25:16]} Be7 {[%clk 1:22:53]} 7. h3
{[%clk 1:23:27]} Bh5 {[%clk 1:17:59]} 8. Be3 {[%clk 1:20:12]} O-O
{[%clk 1:16:57]} 9. Nh2 {[%clk 1:10:30]} Bg6 {[%clk 1:04:02]} 10. Bd3
{[%clk 1:04:10]} c6 {[%clk 1:02:28]} 11. Qd2 {[%clk 1:01:13]} b5 {[%clk 0:43:44]}
12. a3 {[%clk 0:40:29]} a5 {[%clk 0:26:35]} 13. f3 {[%clk 0:36:10]} d5
{[%clk 0:19:57]} 14. exd5 {[%clk 0:34:31]} b4 {[%clk 0:17:32]} 15. d6
{[%clk 0:29:43]} Bxd6 {[%clk 0:16:23]} 16. Ne4 {[%clk 0:29:02]} Nxe4
{[%clk 0:14:36]} 17. Bxe4 {[%clk 0:27:27]} Bxe4 {[%clk 0:12:49]} 18. fxe4
{[%clk 0:27:53]} bxa3 {[%clk 0:11:49]} 19. bxa3 {[%clk 0:28:10]} Qe7
{[%clk 0:10:48]} 20. Ng4 {[%clk 0:25:08]} exd4 {[%clk 0:07:35]} 21. Bxd4
{[%clk 0:23:32]} f6 {[%clk 0:06:20]} 22. Qd3 {[%clk 0:20:42]} Kh8
{[%clk 0:06:25]} 23. a4 {[%clk 0:19:03]} Nc5 {[%clk 0:06:07]} 24. Bxc5
{[%clk 0:18:53]} Bxc5+ {[%clk 0:06:36]} 25. Kh1 {[%clk 0:19:12]} Rad8
{[%clk 0:06:39]} 26. Qa6 {[%clk 0:17:28]} Qc7 {[%clk 0:02:51]} 27. Rab1
{[%clk 0:15:03]} Rd7 {[%clk 0:03:02]} 28. Rf5 {[%clk 0:14:16]} Rfd8
{[%clk 0:02:05]} 29. Rbf1 {[%clk 0:13:12]} Rd1 {[%clk 0:01:12]} 30. Rxc5
{[%clk 0:09:38]} Qf4 {[%clk 0:01:36]} 31. Rf5 {[%clk 0:08:49]} Qxe4
{[%clk 0:01:38]} 32. Qxa5 {[%clk 0:06:21]} R1d2 {[%clk 0:00:42]} 33. R5f2
{[%clk 0:06:01]} R2d5 {[%clk 0:01:11]} 34. Qa7 {[%clk 0:05:36]} R5d7
{[%clk 0:00:48]} 35. Qa6 {[%clk 0:05:21]} Qd5 {[%clk 0:00:48]} 36. Re2
{[%clk 0:04:21]} Rc7 {[%clk 0:00:44]} 37. Rfe1 {[%clk 0:04:20]} Qf7
{[%clk 0:00:54]} 38. Qb6 {[%clk 0:04:12]} Rf8 {[%clk 0:00:57]} 39. a5
{[%clk 0:04:27]} Rd7 {[%clk 0:00:46]} 40. a6 {[%clk 0:34:41]} h6 {[%clk 0:31:02]}
41. Qxc6 {[%clk 0:33:49]} Rfd8 {[%clk 0:29:28]} 42. c4 {[%clk 0:31:04]} Kh7
{[%clk 0:24:25]} 43. Ne3 {[%clk 0:29:25]} Rd6 {[%clk 0:21:33]} 44. Qe4+
{[%clk 0:29:12]} Kh8 {[%clk 0:22:02]} 45. Ra2 {[%clk 0:25:44]} Re8
{[%clk 0:15:04]} 46. Qf4 {[%clk 0:24:01]} Rde6 {[%clk 0:10:57]} 47. a7
{[%clk 0:23:50]} Ra8 {[%clk 0:08:31]} 48. Rb1 {[%clk 0:23:48]} Ree8
{[%clk 0:04:21]} 49. Rb8 {[%clk 0:23:25]} Qf8 {[%clk 0:02:03]} 50. Rxa8
{[%clk 0:23:12]} Rxa8 {[%clk 0:02:31]} 51. Nd5 {[%clk 0:23:20]} Re8
{[%clk 0:01:37]} 52. Ra1 {[%clk 0:22:51]} Kh7 {[%clk 0:00:50]} 53. Nc7
{[%clk 0:22:38]} Re2 {[%clk 0:00:36]} 54. a8=Q {[%clk 0:22:17]} Qe7
{[%clk 0:00:34]} 55. Nd5 {[%clk 0:21:39]} Qe6 {[%clk 0:00:33]} 56. Nxf6+
{[%clk 0:21:18]} gxf6 {[%clk 0:00:34]} 57. Ra7+ {[%clk 0:21:40]} Kg6
{[%clk 0:00:32]} 58. Qg8+ {[%clk 0:22:00]} 1-0

[Event "Open A"]
[Site "Polanica-Zdroj"]
[Date "2017.08.24"]
[Round "6.6"]
[White "Fus, Jakub"]
[Black "Kucza, Karol"]
[Result "0-1"]
[BlackElo "2320"]
[WhiteElo "2127"]
[LiveChessVersion "1.4.8"]

1. d4 {[%clk 1:30:54]} Nf6 {[%clk 1:30:49]} 2. c4 {[%clk 1:31:02]} e6
{[%clk 1:31:12]} 3. g3 {[%clk 1:31:15]} d5 {[%clk 1:31:33]} 4. Nf3
{[%clk 1:31:26]} Bb4+ {[%clk 1:31:09]} 5. Bd2 {[%clk 1:30:57]} Bd6
{[%clk 1:31:30]} 6. Nc3 {[%clk 1:30:41]} c6 {[%clk 1:31:22]} 7. Bg5
{[%clk 1:30:27]} h6 {[%clk 1:31:07]} 8. Bxf6 {[%clk 1:29:53]} Qxf6
{[%clk 1:31:30]} 9. Qb3 {[%clk 1:26:01]} O-O {[%clk 1:26:54]} 10. Rd1
{[%clk 1:24:55]} Nd7 {[%clk 1:23:11]} 11. Bg2 {[%clk 1:24:51]} Qd8
{[%clk 1:22:31]} 12. O-O {[%clk 1:24:45]} Nf6 {[%clk 1:22:14]} 13. Nd2
{[%clk 1:21:40]} Be7 {[%clk 1:10:28]} 14. e4 {[%clk 1:20:05]} dxe4
{[%clk 1:10:51]} 15. Ndxe4 {[%clk 1:20:27]} Nxe4 {[%clk 1:11:06]} 16. Nxe4
{[%clk 1:11:06]} Qc7 {[%clk 1:10:57]} 17. Rfe1 {[%clk 1:04:50]} Rd8
{[%clk 1:10:28]} 18. Qc3 {[%clk 0:59:56]} Bd7 {[%clk 1:04:50]} 19. a3
{[%clk 0:56:41]} Be8 {[%clk 1:04:11]} 20. b4 {[%clk 0:47:20]} a5 {[%clk 1:04:04]}
21. c5 {[%clk 0:46:09]} axb4 {[%clk 1:00:42]} 22. axb4 {[%clk 0:43:36]} Qd7
{[%clk 1:01:03]} 23. Rd3 {[%clk 0:33:13]} f5 {[%clk 0:53:20]} 24. Nd2
{[%clk 0:32:11]} e5 {[%clk 0:47:00]} 25. Nc4 {[%clk 0:23:47]} exd4
{[%clk 0:45:37]} 26. Qd2 {[%clk 0:23:33]} Qc7 {[%clk 0:40:04]} 27. Rxd4
{[%clk 0:21:47]} Bg5 {[%clk 0:39:52]} 28. Qd3 {[%clk 0:20:29]} Rxd4
{[%clk 0:39:53]} 29. Qxd4 {[%clk 0:20:54]} Bf7 {[%clk 0:37:28]} 30. h4
{[%clk 0:11:31]} Bf6 {[%clk 0:35:37]} 31. Qd6 {[%clk 0:11:45]} Rc8
{[%clk 0:24:33]} 32. Qxc7 {[%clk 0:07:20]} Rxc7 {[%clk 0:24:19]} 33. Nd6
{[%clk 0:05:58]} Bc3 {[%clk 0:23:07]} 34. Rc1 {[%clk 0:04:21]} Bxb4
{[%clk 0:22:50]} 35. Nxf5 {[%clk 0:03:01]} Bd5 {[%clk 0:19:48]} 36. Bh3
{[%clk 0:02:27]} Rf7 {[%clk 0:12:40]} 37. Nd6 {[%clk 0:01:41]} Re7
{[%clk 0:13:08]} 38. Bc8 {[%clk 0:00:41]} b5 {[%clk 0:13:20]} 39. Bg4
{[%clk 0:00:40]} Bxc5 {[%clk 0:12:16]} 40. Nf5 {[%clk 0:30:37]} Re5
{[%clk 0:40:30]} 41. Bh3 {[%clk 0:29:08]} Bb6 {[%clk 0:34:19]} 42. Bg4
{[%clk 0:25:00]} b4 {[%clk 0:33:01]} 43. Nd6 {[%clk 0:24:52]} b3 {[%clk 0:32:41]}
44. Rb1 {[%clk 0:24:46]} h5 {[%clk 0:31:59]} 0-1

[Event "Open A"]
[Site "Polanica-Zdroj"]
[Date "2017.08.24"]
[Round "6.7"]
[White "Zaleski, Lukasz"]
[Black "Zielinski, Wojciech"]
[Result "1/2-1/2"]
[BlackElo "2105"]
[WhiteElo "2267"]
[LiveChessVersion "1.4.8"]

1. e4 {[%clk 1:28:45]} d5 {[%clk 1:30:41]} 2. exd5 {[%clk 1:28:56]} Nf6
{[%clk 1:31:07]} 3. d4 {[%clk 1:28:41]} Nxd5 {[%clk 1:31:31]} 4. c4
{[%clk 1:28:22]} Nf6 {[%clk 1:31:54]} 5. Nc3 {[%clk 1:27:47]} g6 {[%clk 1:30:57]}
6. h3 {[%clk 1:25:59]} Bg7 {[%clk 1:28:22]} 7. Nf3 {[%clk 1:25:39]} O-O
{[%clk 1:27:15]} 8. Bf4 {[%clk 1:24:19]} c6 {[%clk 1:21:54]} 9. Qd2
{[%clk 1:21:44]} Re8 {[%clk 1:15:44]} 10. Be2 {[%clk 1:18:37]} Bf5
{[%clk 1:12:25]} 11. Qe3 {[%clk 1:14:19]} Qb6 {[%clk 1:02:13]} 12. O-O-O
{[%clk 1:11:06]} e5 {[%clk 0:50:49]} 13. dxe5 {[%clk 1:02:52]} Qxe3+
{[%clk 0:50:11]} 14. Bxe3 {[%clk 1:02:12]} Ne4 {[%clk 0:48:23]} 15. Nxe4
{[%clk 0:58:29]} Bxe4 {[%clk 0:48:48]} 16. Bf4 {[%clk 0:58:31]} Na6
{[%clk 0:48:09]} 17. Rhe1 {[%clk 0:50:27]} Rad8 {[%clk 0:45:10]} 18. Rxd8
{[%clk 0:45:41]} Rxd8 {[%clk 0:45:36]} 19. Rd1 {[%clk 0:45:37]} Rxd1+
{[%clk 0:42:16]} 20. Kxd1 {[%clk 0:45:25]} Nc5 {[%clk 0:37:01]} 21. Be3
{[%clk 0:35:47]} Bxf3 {[%clk 0:32:44]} 22. gxf3 {[%clk 0:34:39]} b6
{[%clk 0:28:24]} 23. f4 {[%clk 0:33:32]} Bh6 {[%clk 0:26:47]} 24. Kc2
{[%clk 0:33:04]} Ne6 {[%clk 0:24:49]} 25. f5 {[%clk 0:31:58]} Bxe3
{[%clk 0:25:12]} 26. fxe6 {[%clk 0:32:00]} Bc5 {[%clk 0:22:53]} 27. exf7+
{[%clk 0:29:02]} Kxf7 {[%clk 0:23:19]} 28. f4 {[%clk 0:29:25]} Be3
{[%clk 0:22:06]} 29. Kd3 {[%clk 0:29:49]} Bxf4 {[%clk 0:21:58]} 30. Ke4
{[%clk 0:30:16]} Bc1 {[%clk 0:21:43]} 31. b4 {[%clk 0:29:33]} a6 {[%clk 0:17:01]}
32. a4 {[%clk 0:20:26]} Bd2 {[%clk 0:15:13]} 33. b5 {[%clk 0:11:45]} axb5
{[%clk 0:15:28]} 34. cxb5 {[%clk 0:11:40]} cxb5 {[%clk 0:15:50]} 35. Bxb5
{[%clk 0:11:57]} Ke7 {[%clk 0:15:54]} 36. Bc4 {[%clk 0:12:12]} h6
{[%clk 0:14:41]} 37. Kd5 {[%clk 0:12:21]} Be3 {[%clk 0:14:40]} 1/2-1/2

[Event "Open A"]
[Site "Polanica-Zdroj"]
[Date "2017.08.24"]
[Round "6.8"]
[White "Malinowski, Damian"]
[Black "Bugalski, Michal"]
[Result "0-1"]
[BlackElo "2250"]
[WhiteElo "2003"]
[LiveChessVersion "1.4.8"]

1. c4 {[%clk 1:30:58]} c5 {[%clk 1:30:54]} 2. Nc3 {[%clk 1:31:14]} Nc6
{[%clk 1:31:11]} 3. g3 {[%clk 1:31:22]} g6 {[%clk 1:31:21]} 4. Bg2
{[%clk 1:31:42]} Bg7 {[%clk 1:31:45]} 5. d3 {[%clk 1:31:29]} a6 {[%clk 1:30:50]}
6. e4 {[%clk 1:31:04]} b5 {[%clk 1:29:30]} 7. Nge2 {[%clk 1:27:21]} Rb8
{[%clk 1:26:40]} 8. O-O {[%clk 1:25:13]} e6 {[%clk 1:23:26]} 9. Rb1
{[%clk 1:15:58]} Nge7 {[%clk 1:00:12]} 10. Be3 {[%clk 1:12:58]} Nd4
{[%clk 1:00:23]} 11. b3 {[%clk 1:07:04]} Nec6 {[%clk 0:57:40]} 12. Qd2
{[%clk 1:02:17]} O-O {[%clk 0:55:49]} 13. Nd1 {[%clk 0:52:48]} bxc4
{[%clk 0:41:02]} 14. dxc4 {[%clk 0:52:40]} a5 {[%clk 0:38:51]} 15. Nxd4
{[%clk 0:51:25]} Nxd4 {[%clk 0:36:34]} 16. Nc3 {[%clk 0:47:20]} f5
{[%clk 0:31:44]} 17. Ne2 {[%clk 0:43:21]} e5 {[%clk 0:29:56]} 18. f4
{[%clk 0:31:44]} d6 {[%clk 0:30:12]} 19. fxe5 {[%clk 0:31:16]} dxe5
{[%clk 0:30:20]} 20. Nc3 {[%clk 0:30:13]} Be6 {[%clk 0:20:44]} 21. Bxd4
{[%clk 0:27:57]} cxd4 {[%clk 0:16:34]} 22. Nd5 {[%clk 0:27:38]} f4
{[%clk 0:14:45]} 23. a3 {[%clk 0:22:51]} g5 {[%clk 0:12:59]} 24. b4
{[%clk 0:21:41]} axb4 {[%clk 0:11:57]} 25. axb4 {[%clk 0:21:10]} Rb7
{[%clk 0:11:31]} 26. b5 {[%clk 0:18:12]} Rbf7 {[%clk 0:11:55]} 27. gxf4
{[%clk 0:16:48]} exf4 {[%clk 0:11:20]} 28. b6 {[%clk 0:11:38]} f3
{[%clk 0:08:12]} 29. b7 {[%clk 0:07:04]} Be5 {[%clk 0:07:50]} 30. Bxf3
{[%clk 0:04:12]} Rxf3 {[%clk 0:06:22]} 31. Rxf3 {[%clk 0:04:31]} Rxf3
{[%clk 0:06:50]} 32. Ra1 {[%clk 0:01:19]} Bh3 {[%clk 0:05:52]} 33. c5
{[%clk 0:01:17]} d3 {[%clk 0:02:12]} 34. Rc1 {[%clk 0:01:11]} h6 {[%clk 0:01:51]}
35. c6 {[%clk 0:01:24]} Qf8 {[%clk 0:02:11]} 36. Ne3 {[%clk 0:00:56]} Bd4
{[%clk 0:01:31]} 37. b8=Q {[%clk 0:00:46]} Qxb8 {[%clk 0:01:40]} 38. Qa2+
{[%clk 0:00:45]} Kg7 {[%clk 0:01:54]} 39. Kh1 {[%clk 0:00:50]} Bxe3
{[%clk 0:01:42]} 40. Qa1+ {[%clk 0:30:54]} Kh7 {[%clk 0:31:39]} 41. c7
{[%clk 0:29:08]} Bxc1 {[%clk 0:31:08]} 42. Qxc1 {[%clk 0:28:41]} d2
{[%clk 0:31:05]} 0-1

[Event "Open A"]
[Site "Polanica-Zdroj"]
[Date "2017.08.24"]
[Round "6.9"]
[White "Mazalon, Mariusz"]
[Black "Garbowski, Jakub"]
[Result "1-0"]
[BlackElo "2185"]
[WhiteElo "2000"]
[LiveChessVersion "1.4.8"]

1. d4 Nf6 2. c4 g6 3. Nc3 d5 4. Nf3 Bg7 5. cxd5 Nxd5 6. Qb3 Nb6 7. e4 Bg4 8. Bb5+
c6 9. Ng5 O-O 10. Be2 Bxe2 11. Nxe2 h6 12. Nf3 N8d7 13. O-O Kh7 14. a4 a5 15. Be3
Nf6 16. Nc3 Ng4 17. Bf4 g5 18. Bg3 f5 19. exf5 Nf6 20. Rfe1 Nfd5 21. Nxd5 cxd5
22. Rac1 Rc8 23. Rxc8 Nxc8 24. Qxb7 Rxf5 25. Ne5 Bf6 26. Rc1 Nd6 27. Qxd5 Qb8 28.
b3 Qb4 29. h3 Bxe5 30. dxe5 Nf7 31. Qd7 Qe4 32. e6 Ne5 33. Qxe7+ Kg6 34. Qe8+ Kf6
35. Rc7 1-0

[Event "Open A"]
[Site "Polanica-Zdroj"]
[Date "2017.08.24"]
[Round "6.10"]
[White "Kukula, Pawel"]
[Black "Dryja, Szymon"]
[Result "1-0"]
[BlackElo "1824"]
[WhiteElo "2224"]
[LiveChessVersion "1.4.8"]

1. d4 {[%clk 1:30:57]} Nf6 {[%clk 1:30:27]} 2. c4 {[%clk 1:31:18]} e6
{[%clk 1:30:48]} 3. Nf3 {[%clk 1:31:25]} c5 {[%clk 1:31:11]} 4. e3
{[%clk 1:30:57]} b6 {[%clk 1:30:47]} 5. Bd3 {[%clk 1:31:15]} Bb7 {[%clk 1:31:13]}
6. Nbd2 {[%clk 1:31:21]} d5 {[%clk 1:30:38]} 7. b3 {[%clk 1:31:39]} Bd6
{[%clk 1:30:58]} 8. Bb2 {[%clk 1:32:02]} O-O {[%clk 1:30:29]} 9. O-O
{[%clk 1:32:26]} Nbd7 {[%clk 1:29:46]} 10. Rc1 {[%clk 1:29:55]} Rc8
{[%clk 1:29:45]} 11. Ne5 {[%clk 1:23:22]} cxd4 {[%clk 1:24:46]} 12. exd4
{[%clk 1:23:42]} Qe7 {[%clk 1:18:07]} 13. Rc2 {[%clk 1:12:47]} Rc7
{[%clk 1:17:30]} 14. Qe2 {[%clk 1:13:05]} Rfc8 {[%clk 1:17:19]} 15. f4
{[%clk 1:12:38]} Nb8 {[%clk 1:16:05]} 16. f5 {[%clk 1:11:11]} Nc6
{[%clk 1:13:37]} 17. fxe6 {[%clk 1:08:59]} fxe6 {[%clk 1:14:00]} 18. Nxc6
{[%clk 1:02:30]} Bxc6 {[%clk 1:11:49]} 19. Nf3 {[%clk 1:01:04]} Bb7
{[%clk 1:08:21]} 20. Bc1 {[%clk 0:52:13]} Rf8 {[%clk 1:05:55]} 21. Bg5
{[%clk 0:51:42]} Qe8 {[%clk 1:04:39]} 22. Ne5 {[%clk 0:45:08]} Ne4
{[%clk 1:02:38]} 23. Rxf8+ {[%clk 0:43:35]} Qxf8 {[%clk 1:02:59]} 24. Qg4
{[%clk 0:36:24]} Qf5 {[%clk 0:53:50]} 25. Bxe4 {[%clk 0:36:11]} dxe4
{[%clk 0:53:07]} 26. Rf2 {[%clk 0:36:09]} Qxg4 {[%clk 0:50:27]} 27. Nxg4
{[%clk 0:36:32]} Rf7 {[%clk 0:50:39]} 28. g3 {[%clk 0:31:11]} h5 {[%clk 0:40:38]}
29. Ne3 {[%clk 0:29:13]} Rd7 {[%clk 0:35:57]} 30. Nc2 {[%clk 0:29:00]} Rf7
{[%clk 0:32:27]} 31. Bf4 {[%clk 0:27:50]} Be7 {[%clk 0:31:18]} 32. Bb8
{[%clk 0:27:04]} a6 {[%clk 0:31:32]} 33. Rxf7 {[%clk 0:25:55]} Kxf7
{[%clk 0:31:54]} 34. Kf2 {[%clk 0:26:21]} Bg5 {[%clk 0:27:04]} 35. Bf4
{[%clk 0:26:06]} Bd8 {[%clk 0:24:07]} 36. h4 {[%clk 0:25:40]} Ke8
{[%clk 0:23:07]} 37. Ke3 {[%clk 0:25:37]} Kd7 {[%clk 0:23:31]} 38. Na3
{[%clk 0:24:14]} Be7 {[%clk 0:21:34]} 39. Nb1 {[%clk 0:24:40]} Bb4
{[%clk 0:21:43]} 40. a3 {[%clk 0:55:04]} Be7 {[%clk 0:52:02]} 41. b4
{[%clk 0:54:16]} a5 {[%clk 0:52:07]} 42. c5 {[%clk 0:54:39]} bxc5
{[%clk 0:50:03]} 43. bxc5 {[%clk 0:54:08]} Bd8 {[%clk 0:47:10]} 44. Nc3
{[%clk 0:54:27]} a4 {[%clk 0:44:48]} 45. Nxa4 {[%clk 0:52:59]} Ba5
{[%clk 0:45:05]} 46. Nb2 {[%clk 0:52:52]} Bd5 {[%clk 0:45:06]} 47. Nd1
{[%clk 0:52:55]} Kc6 {[%clk 0:44:16]} 48. Nf2 {[%clk 0:53:10]} Bc3
{[%clk 0:44:37]} 49. Nxe4 {[%clk 0:53:00]} Bb2 {[%clk 0:45:01]} 50. a4
{[%clk 0:52:12]} Bb3 {[%clk 0:45:21]} 51. Be5 {[%clk 0:52:06]} g6
{[%clk 0:45:15]} 52. a5 {[%clk 0:52:10]} Bd5 {[%clk 0:44:10]} 53. Nf6
{[%clk 0:49:59]} Bg2 {[%clk 0:42:37]} 54. d5+ {[%clk 0:50:15]} exd5
{[%clk 0:42:09]} 55. Bxb2 {[%clk 0:50:38]} Kxc5 {[%clk 0:42:35]} 56. Bd4+
{[%clk 0:50:40]} 1-0

[Event "Open A"]
[Site "Polanica-Zdroj"]
[Date "2017.08.24"]
[Round "6.11"]
[White "Kyc, Jerzy"]
[Black "Bielinski, Dariusz"]
[Result "1/2-1/2"]
[BlackElo "2073"]
[WhiteElo "2251"]
[LiveChessVersion "1.4.8"]

1. e4 g6 2. d4 Bg7 3. Nf3 d6 4. Bc4 e6 5. O-O Ne7 6. Nc3 a6 7. a4 b6 8. Re1 Nd7
9. Bf4 Bb7 10. Qd2 h6 11. h3 Nf6 12. Rad1 Qd7 13. Bb3 b5 14. axb5 axb5 15. d5 e5
16. Bxe5 dxe5 17. Nxe5 Qd8 18. d6 Qxd6 19. Qxd6 cxd6 20. Nxf7 Bc6 21. Nxh8 Bxh8
22. Rxd6 Kf8 23. Red1 Ne8 24. Rd8 Bxc3 25. bxc3 Bxe4 26. Rxa8 Bxa8 27. Rd8 Bc6
28. c4 bxc4 29. Bxc4 Kg7 30. f4 h5 31. g4 hxg4 32. hxg4 Nf6 33. Be6 Bd5 34. Bd7
Kf7 35. g5 Nh5 36. Be8+ Ke6 37. Bd7+ Kf7 38. Be8+ Ke6 39. Bxg6 Nxf4 40. Bd3 Nh3+
41. Kh2 Nxg5 42. Kg3 Nf7 43. Rf8 Ke5 1/2-1/2